[Event "DEM U18 2008"]
[Site "Willingen GER"]
[Date "2008.05.11"]
[Round "1"]
[White "Lichmann, Peter"]
[Black "Savchenko, Aleksij"]
[Result "1/2-1/2"]
[Termination "normal"]
[Board "1"]
[WhiteElo "2355"]
[BlackElo "2163"]
[PlyCount "75"]
[WhiteFideId "14111268"]
[BlackFideId "24611727"]
[EventCountry "GER"]
[EventRounds "9"]
[EventType "swiss"]
[EventDate "2008.05.10"]

1. d4 d5 2. c4 dxc4 3. e4 Nc6 4. Be3 Nf6 5. f3 e5 6. d5 Ne7 7. Nc3 a6 8. Bxc4
Ng6 9. Nge2 Bd6 10. Qd2 O-O 11. O-O-O b5 12. Bd3 Bd7 13. Bc2 a5 14. h4 a4 15.
h5 Ne7 16. g4 b4 17. Nb1 Qb8 18. g5 Ne8 19. Rdg1 b3 20. axb3 axb3 21. Bd3 Bb5
22. Nec3 Bxd3 23. Qxd3 Qb4 24. Rg4 Bc5 25. Bxc5 Qxc5 26. f4 f5 27. exf5 Rxf5
28. fxe5 Rxe5 29. Re4 Rxd5 30. Qe2 Rd7 31. Re5 Qb4 32. Re4 Qc5 33. Re5 Qb4 34.
Re1 Qf4+ 35. Qe3 Qxe3+ 36. R1xe3 Kf8 37. Rf3+ Kg8 38. Rfe3 1/2-1/2

[Event "DEM U18 2008"]
[Site "Willingen GER"]
[Date "2008.05.11"]
[Round "1"]
[White "Dinger, Florian"]
[Black "Stips, Felix"]
[Result "1-0"]
[Termination "normal"]
[Board "3"]
[WhiteTitle "FM"]
[WhiteElo "2340"]
[BlackElo "2095"]
[PlyCount "67"]
[WhiteFideId "24605573"]
[BlackFideId "825263"]
[EventCountry "GER"]
[EventRounds "9"]
[EventType "swiss"]
[EventDate "2008.05.10"]

1. e4 c5 2. Nf3 d6 3. d4 cxd4 4. Nxd4 Nf6 5. Nc3 a6 6. Be3 e5 7. Nb3 Be6 8. f4
exf4 9. Bxf4 Nc6 10. Qe2 Be7 11. h3 O-O 12. O-O-O Qc7 13. g4 b5 14. g5 Nd7 15.
Nd5 Bxd5 16. exd5 Nce5 17. h4 a5 18. Nd4 b4 19. Rh3 a4 20. Kb1 Rfb8 21. Bg2 Ng6
22. Bd2 b3 23. cxb3 axb3 24. a3 Ra4 25. Nc6 Nde5 26. h5 Nxc6 27. dxc6 Nf4 28.
Bxf4 Rxf4 29. g6 Bf6 30. Bd5 h6 31. gxf7+ Kf8 32. Rxb3 Bd4 33. Rxb8+ Qxb8 34.
c7 1-0

[Event "DEM U18 2008"]
[Site "Willingen GER"]
[Date "2008.05.11"]
[Round "1"]
[White "Farmani Anosheh, Armin"]
[Black "Beck, Frederik"]
[Result "1/2-1/2"]
[Termination "normal"]
[Board "4"]
[BlackTitle "FM"]
[WhiteElo "2168"]
[BlackElo "2315"]
[PlyCount "48"]
[WhiteFideId "24613240"]
[BlackFideId "4687388"]
[EventCountry "GER"]
[EventRounds "9"]
[EventType "swiss"]
[EventDate "2008.05.10"]

1. e4 c5 2. Nf3 e6 3. d4 cxd4 4. Nxd4 Nc6 5. Nxc6 bxc6 6. Bd3 Nf6 7. O-O d5 8.
Nd2 Qb6 9. Qe2 Be7 10. c4 O-O 11. b3 Bb7 12. Bb2 Rad8 13. e5 Nd7 14. cxd5 cxd5
15. Nf3 Qb4 16. Bd4 Bc5 17. a3 Qb6 18. Rfd1 g6 19. Qe3 Bxd4 20. Nxd4 f6 21. f4
fxe5 22. fxe5 Nc5 23. Be2 Rc8 24. Bg4 Rfe8 1/2-1/2

[Event "DEM U18 2008"]
[Site "Willingen GER"]
[Date "2008.05.11"]
[Round "1"]
[White "Heyder, Florian"]
[Black "Dann, Matthias"]
[Result "0-1"]
[Termination "normal"]
[Board "6"]
[WhiteElo "2067"]
[BlackElo "2147"]
[PlyCount "108"]
[BlackFideId "24638056"]
[EventCountry "GER"]
[EventRounds "9"]
[EventType "swiss"]
[EventDate "2008.05.10"]

1. e4 c5 2. Nf3 d6 3. c3 Nf6 4. Bd3 g6 5. Bc2 Bg7 6. d3 O-O 7. Nbd2 e5 8. Nf1
Nc6 9. Ng3 h6 10. O-O d5 11. Qe2 Re8 12. Rd1 Rb8 13. a4 Be6 14. Be3 d4 15. Bd2
a5 16. h3 Kh8 17. Nh2 Ng8 18. Rf1 Qh4 19. Nf3 Qe7 20. Nh2 Rbd8 21. Rae1 dxc3
22. bxc3 c4 23. dxc4 Qc5 24. Bb3 f5 25. exf5 gxf5 26. Nh5 Bf8 27. Be3 Qa3 28.
Rb1 Rd7 29. Nf3 Bf7 30. Nh4 f4 31. Bc1 Qe7 32. Qg4 Qe6 33. Qxe6 Rxe6 34. c5 Re8
35. Bxf7 Rxf7 36. Ng6+ Kh7 37. Nxf8+ Rexf8 38. Bb2 Rd8 39. g4 Rd3 40. Kg2 Rfd7
41. Ba1 Kg6 42. Rb5 Kg5 43. Rfb1 Kh4 44. Rxb7 Rxb7 45. Rxb7 f3+ 46. Kh2 Rd1 47.
Ng3 Rxa1 48. Nf5+ Kg5 49. Rg7+ Kf4 50. Rxg8 Rf1 51. Rf8 Rxf2+ 52. Kg1 Rg2+ 53.
Kf1 e4 54. Ke1 Ne5 0-1

[Event "DEM U18 2008"]
[Site "Willingen GER"]
[Date "2008.05.11"]
[Round "1"]
[White "Müller, Reinhold"]
[Black "Czybik, Nils Patrick"]
[Result "1/2-1/2"]
[Termination "normal"]
[Board "7"]
[WhiteElo "2172"]
[BlackElo "2072"]
[PlyCount "84"]
[WhiteFideId "24605875"]
[BlackFideId "24632040"]
[EventCountry "GER"]
[EventRounds "9"]
[EventType "swiss"]
[EventDate "2008.05.10"]

1. d4 Nf6 2. c4 e6 3. Nf3 Bb4+ 4. Bd2 Qe7 5. g3 Nc6 6. Bg2 Bxd2+ 7. Nbxd2 d6 8.
O-O a5 9. e4 e5 10. d5 Nb8 11. Ne1 h5 12. f4 h4 13. fxe5 dxe5 14. Nd3 hxg3 15.
hxg3 Nh5 16. Qf3 Na6 17. Rf2 Nf6 18. Raf1 Nb4 19. Nxb4 axb4 20. Nb3 Rxa2 21. c5
O-O 22. Rd2 Ra6 23. Qd3 Rd8 24. Qc4 Nh5 25. d6 Qe6 26. Qxb4 cxd6 27. Rfd1 Qh6
28. Rd3 Be6 29. Nd2 Bg4 30. Nf3 Nxg3 31. Qxb7 d5 32. Nxe5 Ne2+ 33. Kf1 Rf6+ 34.
Bf3 Qh1+ 35. Kxe2 Qg2+ 36. Ke1 Bxf3 37. Rxf3 Rxf3 38. Nxf3 Qxf3 39. Qe7 Qe3+
40. Kf1 Qf3+ 41. Ke1 Qe3+ 42. Kf1 Qf3+ 1/2-1/2

[Event "DEM U18 2008"]
[Site "Willingen GER"]
[Date "2008.05.11"]
[Round "1"]
[White "Poetsch, Hagen"]
[Black "Denisow, Jewgeny"]
[Result "1-0"]
[Termination "normal"]
[Board "9"]
[WhiteElo "2267"]
[BlackElo "2076"]
[PlyCount "99"]
[WhiteFideId "24615137"]
[BlackFideId "24631116"]
[EventCountry "GER"]
[EventRounds "9"]
[EventType "swiss"]
[EventDate "2008.05.10"]

1. e4 d6 2. d4 Nf6 3. Nc3 g6 4. f4 Bg7 5. Nf3 O-O 6. Bd3 c6 7. O-O Qb6 8. a4 a5
9. Kh1 Bg4 10. e5 Nd5 11. exd6 Nxc3 12. bxc3 exd6 13. Ba3 Qc7 14. h3 Bxf3 15.
Qxf3 f5 16. Rfe1 Rd8 17. Re6 d5 18. Rae1 Nd7 19. Qe3 Nf6 20. Re7 Rd7 21. Qe6+
Kh8 22. Qf7 Rg8 23. Rxd7 Qxd7 24. Re7 Qd8 25. Rxb7 Nh5 26. Be7 Qe8 27. Qxe8
Rxe8 28. Bd6 Bh6 29. Be5+ Kg8 30. Ra7 Bxf4 31. Bxf4 Nxf4 32. Rxa5 Kg7 33. Rc5
Ra8 34. a5 Kh6 35. Bf1 Nh5 36. Kh2 f4 37. a6 Ng3 38. Bd3 Rb8 39. Kg1 Rb1+ 40.
Kf2 Ne4+ 41. Bxe4 dxe4 42. Ra5 e3+ 43. Kf3 Rf1+ 44. Ke2 Rf2+ 45. Kd3 Rd2+ 46.
Kc4 e2 47. Re5 Rd1 48. Rxe2 Ra1 49. d5 cxd5+ 50. Kb5 1-0

[Event "DEM U18 2008"]
[Site "Willingen GER"]
[Date "2008.05.11"]
[Round "1"]
[White "Borrink, Jörn"]
[Black "Glantz, Robert"]
[Result "1-0"]
[Termination "normal"]
[Board "10"]
[WhiteElo "2071"]
[BlackElo "2101"]
[PlyCount "69"]
[WhiteFideId "24629359"]
[BlackFideId "24629596"]
[EventCountry "GER"]
[EventRounds "9"]
[EventType "swiss"]
[EventDate "2008.05.10"]

1. e4 c5 2. Nf3 d6 3. d4 cxd4 4. Nxd4 Nf6 5. Nc3 a6 6. Be2 e6 7. O-O Be7 8. f4
O-O 9. Kh1 Qc7 10. Qe1 Nc6 11. Be3 Bd7 12. Qg3 Kh8 13. Rad1 b5 14. e5 dxe5 15.
fxe5 Qxe5 16. Bf4 Qc5 17. Nb3 Qa7 18. Be3 Qb7 19. Nc5 Bxc5 20. Bxc5 Rg8 21. Qh4
Rac8 22. Rxf6 gxf6 23. Ne4 Rg7 24. Nd6 Qc7 25. Qxf6 Kg8 26. Bf3 Rf8 27. Ne4 Rd8
28. Bd6 Qb6 29. Qh4 Bc8 30. Nf6+ Kh8 31. Nxh7 Rxh7 32. Qf6+ Kg8 33. Bxc6 Bb7
34. Rd3 Rg7 35. Be5 1-0

[Event "DEM U18 2008"]
[Site "Willingen GER"]
[Date "2008.05.11"]
[Round "1"]
[White "Sergin, Mark"]
[Black "Wendling, Hannes"]
[Result "1-0"]
[Termination "normal"]
[Board "11"]
[WhiteElo "2186"]
[BlackElo "2127"]
[PlyCount "83"]
[WhiteFideId "24615307"]
[BlackFideId "24624284"]
[EventCountry "GER"]
[EventRounds "9"]
[EventType "swiss"]
[EventDate "2008.05.10"]

1. e4 c5 2. Nf3 d6 3. d4 cxd4 4. Nxd4 Nf6 5. Nc3 a6 6. Bg5 e6 7. f4 h6 8. Bh4
Be7 9. Qf3 Qc7 10. O-O-O Nbd7 11. Bf2 b5 12. Bd3 Bb7 13. Nb3 b4 14. Ne2 Rc8 15.
h4 d5 16. e5 Ne4 17. Bd4 a5 18. Nd2 Nec5 19. Kb1 Nxd3 20. Qxd3 Nc5 21. Bxc5
Bxc5 22. Nf3 Qb6 23. Ned4 Ba6 24. Qd2 a4 25. f5 exf5 26. Nxf5 O-O 27. Qxd5 Rfd8
28. Qe4 b3 29. cxb3 axb3 30. a3 Bxa3 31. bxa3 Qc5 32. N3d4 Qxa3 33. Rd2 b2 34.
Ne7+ Kf8 35. Nxc8 Qa1+ 36. Kc2 Rxc8+ 37. Nc6 Qa3 38. Rhd1 Qc5+ 39. Kxb2 Rxc6
40. Rd8+ Ke7 41. R1d7+ Ke6 42. Qxc6+ 1-0

[Event "DEM U18 2008"]
[Site "Willingen GER"]
[Date "2008.05.11"]
[Round "1"]
[White "Holgert, Michael"]
[Black "Wagner, Florian"]
[Result "0-1"]
[Termination "normal"]
[Board "12"]
[WhiteElo "2004"]
[BlackElo "2183"]
[PlyCount "54"]
[WhiteFideId "24668990"]
[BlackFideId "4698118"]
[EventCountry "GER"]
[EventRounds "9"]
[EventType "swiss"]
[EventDate "2008.05.10"]

1. d4 g6 2. Nf3 Bg7 3. Nc3 d5 4. Bf4 Nf6 5. Qd2 h6 6. Ne5 Nh5 7. g4 Nxf4 8.
Qxf4 O-O 9. Bg2 c6 10. O-O-O Nd7 11. Nxd7 Qxd7 12. h3 e5 13. dxe5 Qc7 14. e3
Kh7 15. Qb4 Qxe5 16. Kb1 f5 17. g5 h5 18. Rhe1 a5 19. Qf4 Qe7 20. Rd3 b5 21.
Red1 b4 22. Nxd5 cxd5 23. Rxd5 Bb7 24. Rd7 Rfd8 25. Rxd8 Rxd8 26. Rxd8 Qxd8 27.
Bf3 Qd2 0-1

[Event "DEM U18 2008"]
[Site "Willingen GER"]
[Date "2008.05.11"]
[Round "1"]
[White "Rudolf, Sebastian"]
[Black "Daug, Jörn-Henning"]
[Result "1-0"]
[Termination "normal"]
[Board "13"]
[WhiteElo "2132"]
[BlackElo "1734"]
[PlyCount "57"]
[WhiteFideId "24609390"]
[BlackFideId "24616974"]
[EventCountry "GER"]
[EventRounds "9"]
[EventType "swiss"]
[EventDate "2008.05.10"]

1. e4 c5 2. Nf3 Nc6 3. d4 cxd4 4. Nxd4 Qb6 5. Nb3 Nf6 6. Nc3 e6 7. Bd3 a6 8.
O-O Be7 9. Be3 Qc7 10. f4 d6 11. Qf3 Rb8 12. g4 b6 13. Qh3 Nd7 14. g5 Nc5 15.
f5 exf5 16. exf5 Nxd3 17. cxd3 g6 18. Nd4 Ne5 19. Nd5 Qd8 20. Qg2 Bb7 21. f6
Bf8 22. Bf4 h6 23. Rae1 hxg5 24. Bxe5 dxe5 25. Rxe5+ Kd7 26. Qg4+ Kd6 27. Re6+
Kxd5 28. Qe4+ Kc5 29. Nb3+ 1-0

[Event "DEM U18 2008"]
[Site "Willingen GER"]
[Date "2008.05.11"]
[Round "2"]
[White "Wagner, Florian"]
[Black "Dinger, Florian"]
[Result "1/2-1/2"]
[Termination "normal"]
[Board "1"]
[BlackTitle "FM"]
[WhiteElo "2183"]
[BlackElo "2340"]
[PlyCount "68"]
[WhiteFideId "4698118"]
[BlackFideId "24605573"]
[EventCountry "GER"]
[EventRounds "9"]
[EventType "swiss"]
[EventDate "2008.05.10"]

1. e4 c5 2. c3 Nf6 3. e5 Nd5 4. Nf3 e6 5. Bc4 Nb6 6. Bb3 d6 7. d4 cxd4 8. cxd4
dxe5 9. dxe5 Qxd1+ 10. Bxd1 Nc6 11. O-O Nb4 12. Nc3 Bd7 13. Be2 Be7 14. Bg5 Bc6
15. Bxe7 Kxe7 16. Nd4 Rhd8 17. Rad1 Rac8 18. Nxc6+ Nxc6 19. f4 Nd4 20. Kf2 Nc4
21. Bxc4 Rxc4 22. Rd2 Nc6 23. Ke3 Rxd2 24. Kxd2 a6 25. Kd3 b5 26. a3 Na5 27. g3
Nb3 28. Rd1 Nc5+ 29. Ke3 b4 30. axb4 Rxb4 31. Rd2 h6 32. h4 a5 33. Rc2 Rc4 34.
Rd2 Rb4 1/2-1/2

[Event "DEM U18 2008"]
[Site "Willingen GER"]
[Date "2008.05.11"]
[Round "2"]
[White "Dann, Matthias"]
[Black "Rudolf, Sebastian"]
[Result "1/2-1/2"]
[Termination "normal"]
[Board "2"]
[WhiteElo "2147"]
[BlackElo "2132"]
[PlyCount "71"]
[WhiteFideId "24638056"]
[BlackFideId "24609390"]
[EventCountry "GER"]
[EventRounds "9"]
[EventType "swiss"]
[EventDate "2008.05.10"]

1. e4 c5 2. Nf3 Nc6 3. d4 cxd4 4. Nxd4 Qc7 5. Nb5 Qb8 6. c4 Nf6 7. N5c3 e6 8.
Be2 Be7 9. Bg5 O-O 10. f4 d6 11. O-O h6 12. Bxf6 Bxf6 13. Qd2 a6 14. Na3 Nd4
15. Bd3 Bd7 16. Nc2 b5 17. Ne3 Rc8 18. Rac1 bxc4 19. Nxc4 Nb5 20. Ne2 d5 21.
exd5 exd5 22. Ne3 Rxc1 23. Rxc1 Qa7 24. Kh1 Bxb2 25. Rb1 d4 26. Nd5 Ba3 27.
Bxb5 axb5 28. Nxd4 Bc5 29. Nxb5 Qxa2 30. Qxa2 Rxa2 31. Nbc3 Rc2 32. h3 Bc6 33.
Rd1 Ba3 34. f5 Kh7 35. Ne4 Bb2 36. Nb4 1/2-1/2

[Event "DEM U18 2008"]
[Site "Willingen GER"]
[Date "2008.05.11"]
[Round "2"]
[White "Kölsch, Maximilian"]
[Black "Poetsch, Hagen"]
[Result "1-0"]
[Termination "normal"]
[Board "3"]
[WhiteElo "2098"]
[BlackElo "2267"]
[PlyCount "71"]
[WhiteFideId "24618462"]
[BlackFideId "24615137"]
[EventCountry "GER"]
[EventRounds "9"]
[EventType "swiss"]
[EventDate "2008.05.10"]

1. d4 d5 2. c4 Nc6 3. cxd5 Qxd5 4. e3 e5 5. Nc3 Bb4 6. Bd2 Bxc3 7. bxc3 Qd6 8.
f3 Nge7 9. Bd3 O-O 10. Ne2 f5 11. Qc2 Be6 12. O-O Rad8 13. Rab1 b6 14. Rfd1 a5
15. Be1 Qa3 16. Rd2 Nd5 17. Bf2 exd4 18. exd4 Qe7 19. Re1 Qg5 20. Ng3 Rd6 21.
a3 Nf4 22. Be3 Qh4 23. Bxf4 Qxf4 24. Rde2 Nd8 25. Rxe6 Nxe6 26. Bc4 Kh8 27.
Bxe6 Re8 28. Qa2 Qh4 29. Re2 Qf6 30. Bxf5 Red8 31. Re5 Rc6 32. Ne4 Qh6 33. Qf7
Qe3+ 34. Kf1 Qd3+ 35. Kf2 Qc2+ 36. Kg3 1-0

[Event "DEM U18 2008"]
[Site "Willingen GER"]
[Date "2008.05.11"]
[Round "2"]
[White "Borrink, Jörn"]
[Black "Sergin, Mark"]
[Result "1-0"]
[Termination "normal"]
[Board "4"]
[WhiteElo "2071"]
[BlackElo "2186"]
[PlyCount "120"]
[WhiteFideId "24629359"]
[BlackFideId "24615307"]
[EventCountry "GER"]
[EventRounds "9"]
[EventType "swiss"]
[EventDate "2008.05.10"]

1. e4 c5 2. Nf3 e6 3. d4 cxd4 4. Nxd4 Nc6 5. Nc3 Qc7 6. g3 a6 7. Bg2 Nf6 8. O-O
Nxd4 9. Qxd4 Bc5 10. Bf4 d6 11. Qd2 e5 12. Bg5 Be6 13. Rad1 O-O-O 14. Bxf6 gxf6
15. Qh6 Rdg8 16. Qxf6 h5 17. Nd5 Bxd5 18. Rxd5 h4 19. Rd3 hxg3 20. hxg3 Kb8 21.
c3 Rh7 22. Rfd1 Rg6 23. Qf5 Qe7 24. Rf3 Rhg7 25. b4 Bb6 26. Kf1 Qc7 27. Rfd3
Qd8 28. R1d2 Rf6 29. Qh5 Rgg6 30. a4 a5 31. Qd1 Qc7 32. bxa5 Bxa5 33. Qb3 Bb6
34. Rb2 Ka7 35. Qb5 Rg8 36. c4 Bd4 37. Rxd4 exd4 38. Qd5 Re6 39. e5 Rb8 40.
Qxd4+ Qc5 41. Qxc5+ dxc5 42. f4 b6 43. Rd2 Re7 44. Kf2 Ka6 45. Bc6 Rh8 46. Kf3
Ka5 47. Rd3 Kb4 48. Bb5 Ra8 49. Rd6 Rb8 50. g4 Ra7 51. Rd1 Rba8 52. f5 Rxa4 53.
Bxa4 Rxa4 54. Rc1 b5 55. cxb5 Kxb5 56. g5 Rh4 57. f6 Kc6 58. e6 fxe6 59. f7 Rh8
60. g6 Rf8 1-0

[Event "DEM U18 2008"]
[Site "Willingen GER"]
[Date "2008.05.11"]
[Round "2"]
[White "Zeldin, Leonid"]
[Black "Lichmann, Peter"]
[Result "1/2-1/2"]
[Termination "normal"]
[Board "5"]
[WhiteElo "2068"]
[BlackElo "2355"]
[PlyCount "41"]
[WhiteFideId "24636088"]
[BlackFideId "14111268"]
[EventCountry "GER"]
[EventRounds "9"]
[EventType "swiss"]
[EventDate "2008.05.10"]

1. e4 c5 2. Nf3 d6 3. d4 cxd4 4. Nxd4 Nf6 5. Nc3 g6 6. f3 Bg7 7. Be3 O-O 8. Qd2
Nc6 9. Bc4 Bd7 10. O-O-O Ne5 11. Bb3 Rc8 12. g4 a6 13. h4 b5 14. h5 Nc4 15.
Bxc4 Rxc4 16. hxg6 fxg6 17. e5 dxe5 18. Ne6 Bxe6 19. Qxd8 Rxd8 20. Rxd8+ Kf7
21. a3 1/2-1/2

[Event "DEM U18 2008"]
[Site "Willingen GER"]
[Date "2008.05.11"]
[Round "2"]
[White "Tereick, Benjamin"]
[Black "Farmani Anosheh, Armin"]
[Result "1-0"]
[Termination "normal"]
[Board "6"]
[WhiteTitle "FM"]
[WhiteElo "2379"]
[BlackElo "2168"]
[PlyCount "82"]
[WhiteFideId "24607541"]
[BlackFideId "24613240"]
[EventCountry "GER"]
[EventRounds "9"]
[EventType "swiss"]
[EventDate "2008.05.10"]

1. c4 Nf6 2. Nc3 g6 3. e4 d6 4. d4 Bg7 5. h3 O-O 6. Bg5 c5 7. d5 a6 8. a4 e6 9.
Bd3 exd5 10. cxd5 Nbd7 11. Nf3 Re8 12. O-O Qc7 13. Re1 h6 14. Bf4 g5 15. Bh2
Nh7 16. Rc1 Ne5 17. Nxe5 dxe5 18. Be2 Qa5 19. Bg4 Nf8 20. Bxc8 Raxc8 21. Qg4
Ng6 22. Red1 Rcd8 23. Rd2 Nf4 24. Qd1 c4 25. Nb1 b5 26. axb5 axb5 27. b3 Nd3
28. Rcc2 f5 29. bxc4 fxe4 30. cxb5 Rxd5 31. Ra2 Qb4 32. Ra4 Qf8 33. Rxe4 Nxf2
34. Qb3 Qc5 35. Rxf2 Rf8 36. Bg3 Kh8 37. Kh2 Rb8 38. Rc2 Qxb5 39. Qxb5 Rdxb5
40. Nd2 Rb2 41. Rxb2 Rxb2 1-0

[Event "DEM U18 2008"]
[Site "Willingen GER"]
[Date "2008.05.11"]
[Round "2"]
[White "Czybik, Nils Patrick"]
[Black "Baldauf, Marco"]
[Result "0-1"]
[Termination "normal"]
[Board "8"]
[WhiteElo "2072"]
[BlackElo "2240"]
[PlyCount "70"]
[WhiteFideId "24632040"]
[BlackFideId "4688210"]
[EventCountry "GER"]
[EventRounds "9"]
[EventType "swiss"]
[EventDate "2008.05.10"]

1. Nf3 Nf6 2. g3 g6 3. b3 Bg7 4. Bb2 O-O 5. Bg2 d6 6. d4 Nbd7 7. O-O e5 8. dxe5
Ng4 9. Qd2 Ngxe5 10. c4 a5 11. Na3 Qe7 12. Rfe1 Nc5 13. Nd4 f5 14. Qc2 f4 15.
Nf3 Bf5 16. Qc1 Nxf3+ 17. Bxf3 Be4 18. Bxg7 Qxg7 19. Bxe4 Nxe4 20. Rf1 Rae8 21.
Qc2 fxg3 22. fxg3 Qd4+ 23. e3 Qxe3+ 24. Kg2 Rxf1 25. Rxf1 Rf8 26. Rxf8+ Kxf8
27. Qb2 Kf7 28. Nb5 c5 29. Qc2 Kg7 30. Nc7 Nd2 31. Qd1 Qe4+ 32. Kh3 Nf3 33. g4
h5 34. gxh5 Qh4+ 35. Kg2 Qxh2+ 0-1

[Event "DEM U18 2008"]
[Site "Willingen GER"]
[Date "2008.05.11"]
[Round "2"]
[White "Savchenko, Aleksij"]
[Black "Müller, Reinhold"]
[Result "1-0"]
[Termination "normal"]
[Board "9"]
[WhiteElo "2163"]
[BlackElo "2172"]
[PlyCount "97"]
[WhiteFideId "24611727"]
[BlackFideId "24605875"]
[EventCountry "GER"]
[EventRounds "9"]
[EventType "swiss"]
[EventDate "2008.05.10"]

1. d4 Nf6 2. Nf3 c5 3. dxc5 Na6 4. e3 Nxc5 5. c4 g6 6. b4 Na6 7. a3 Bg7 8. Bb2
O-O 9. Nc3 Nc7 10. Qb3 d6 11. Be2 a5 12. O-O Na6 13. Na4 Ne4 14. Bxg7 Kxg7 15.
c5 dxc5 16. b5 Nc7 17. Rfd1 Nd6 18. Nxc5 b6 19. Na4 Ne6 20. Ne5 Nc5 21. Nxc5
bxc5 22. Bf3 Be6 23. Qb2 f6 24. Bxa8 Qxa8 25. Nc6 Kf7 26. Qc3 Nc4 27. a4 Rc8
28. Rd3 Rxc6 29. bxc6 Qxc6 30. Rdd1 Qc7 31. Rab1 Nd6 32. Qb2 c4 33. Qb6 Qc8 34.
Rxd6 exd6 35. Qxd6 Qd7 36. Qxd7+ Bxd7 37. Rc1 Be6 38. Kf1 Ke7 39. Ke2 Kd6 40.
Kd2 Kc5 41. Kc3 Bd7 42. Ra1 g5 43. e4 g4 44. f3 gxf3 45. gxf3 Bc6 46. Rd1 Bxa4
47. Rd5+ Kb6 48. Kxc4 Be8 49. Rd6+ 1-0

[Event "DEM U18 2008"]
[Site "Willingen GER"]
[Date "2008.05.11"]
[Round "2"]
[White "Schlötzer, Waldemar"]
[Black "Denisow, Jewgeny"]
[Result "1-0"]
[Termination "normal"]
[Board "10"]
[WhiteElo "2268"]
[BlackElo "2076"]
[PlyCount "51"]
[WhiteFideId "24602140"]
[BlackFideId "24631116"]
[EventCountry "GER"]
[EventRounds "9"]
[EventType "swiss"]
[EventDate "2008.05.10"]

1. e4 d6 2. d4 Nf6 3. f3 g6 4. Be3 Bg7 5. Qd2 h5 6. Bd3 O-O 7. Ne2 e5 8. d5 c6
9. c4 cxd5 10. cxd5 Na6 11. O-O Nc5 12. Bc4 Ne8 13. Nbc3 f5 14. exf5 gxf5 15.
f4 Nd7 16. Ng3 h4 17. Nh5 Ndf6 18. Nxg7 Nxg7 19. fxe5 dxe5 20. d6+ Kh7 21. Bg5
Qa5 22. Qf2 h3 23. Qh4+ Nfh5 24. Be2 Qc5+ 25. Rf2 Kg6 26. Be7 1-0

[Event "DEM U18 2008"]
[Site "Willingen GER"]
[Date "2008.05.11"]
[Round "2"]
[White "Glantz, Robert"]
[Black "Wendling, Hannes"]
[Result "1/2-1/2"]
[Termination "normal"]
[Board "11"]
[WhiteElo "2101"]
[BlackElo "2127"]
[PlyCount "164"]
[WhiteFideId "24629596"]
[BlackFideId "24624284"]
[EventCountry "GER"]
[EventRounds "9"]
[EventType "swiss"]
[EventDate "2008.05.10"]

1. e4 c5 2. Nf3 d6 3. d4 cxd4 4. Nxd4 Nf6 5. Nc3 a6 6. Bg5 e6 7. f4 h6 8. Bh4
Be7 9. Qf3 Qc7 10. O-O-O Nbd7 11. Bd3 g5 12. fxg5 Ne5 13. Qe2 Nfg4 14. Nf3 Nxf3
15. Qxf3 hxg5 16. Bg3 Ne5 17. Bxe5 dxe5 18. Rdf1 f6 19. h4 gxh4 20. Qg4 Bd7 21.
Qg6+ Kd8 22. Rxf6 Qc5 23. Rf3 Kc7 24. Qg4 Rag8 25. Qh3 Rg7 26. Ne2 Kb8 27. Rd1
Bc8 28. Kb1 Rhg8 29. g3 hxg3 30. Nxg3 Qb6 31. Bc4 Ka7 32. Ne2 Qc6 33. Bd3 Bd8
34. Rg3 Rxg3 35. Nxg3 Bb6 36. Ne2 Rf8 37. Qg3 Qc5 38. Nc3 Ba5 39. Na4 Qc7 40.
Qe3+ Kb8 41. Qc5 Qxc5 42. Nxc5 Bb6 43. Nb3 Be3 44. Na5 Rh8 45. a4 Kc7 46. Rf1
Rh7 47. Nc4 Bf4 48. b4 Bd7 49. a5 Bb5 50. Nb2 Bd7 51. Ka2 Bc6 52. Kb3 Rh3 53.
Re1 Re3 54. Rxe3 Bxe3 55. Nc4 Bf4 56. Na3 Bd2 57. c4 Be8 58. Be2 Bg6 59. Bf3
Be1 60. c5 Bd2 61. Nc4 Bf4 62. Nd6 Bh7 63. Bg4 Bg8 64. Bh5 Bg5 65. Bg6 Be7 66.
Nc4 Bf6 67. Kc3 Kc6 68. Kd3 Kb5 69. Nd6+ Kc6 70. Nc4 Kb5 71. Kc3 Kc6 72. Ne3
Kd7 73. Ng4 Bg7 74. Kc4 Kc6 75. Nh2 Bh6 76. Ng4 Bg7 77. Nh2 Bh6 78. Nf3 Bg7 79.
Ng5 Bf6 80. Nf3 Bg7 81. Ng5 Bf6 82. Nf3 Bg7 1/2-1/2

[Event "DEM U18 2008"]
[Site "Willingen GER"]
[Date "2008.05.11"]
[Round "2"]
[White "Stips, Felix"]
[Black "Holgert, Michael"]
[Result "1/2-1/2"]
[Termination "normal"]
[Board "12"]
[WhiteElo "2095"]
[BlackElo "2004"]
[PlyCount "163"]
[WhiteFideId "825263"]
[BlackFideId "24668990"]
[EventCountry "GER"]
[EventRounds "9"]
[EventType "swiss"]
[EventDate "2008.05.10"]

1. Nf3 d5 2. d4 Nf6 3. c4 e6 4. Nc3 c6 5. cxd5 exd5 6. Qc2 Bd6 7. Bg5 Nbd7 8.
e3 h6 9. Bh4 O-O 10. Bd3 Re8 11. O-O-O Qa5 12. Kb1 b5 13. Nd2 Ba6 14. Nb3 Qb6
15. Rhe1 b4 16. Na4 Bxd3 17. Qxd3 Qb5 18. Qxb5 cxb5 19. Nac5 Bxc5 20. dxc5 Rac8
21. Bxf6 Nxf6 22. Rc1 Rc7 23. Rc2 a6 24. Rd1 g6 25. Rd4 Re4 26. Kc1 Kf8 27. Kd2
Ke8 28. Kd3 Rxd4+ 29. Kxd4 Re7 30. f3 Kd8 31. c6 Kc7 32. Nc5 a5 33. Nb3 a4 34.
Nc5 Kc8 35. Nd3 b3 36. axb3 axb3 37. Rc3 Kc7 38. Nb4 Kd6 39. Rxb3 Ra7 40. Kd3
Ne8 41. Ra3 Ra4 42. Rxa4 bxa4 43. e4 dxe4+ 44. fxe4 Kc5 45. Nd5 Kxc6 46. Nc3
Kc5 47. Nxa4+ Kb4 48. Nb6 Kb3 49. Nc4 f6 50. e5 fxe5 51. Nxe5 Kxb2 52. Nxg6 Nf6
53. Ne5 Kb3 54. Ke3 Kc3 55. Kf4 Kd4 56. Ng4 Nd5+ 57. Kf5 h5 58. h4 hxg4 59. h5
Ne7+ 60. Ke6 Ng8 61. Kf7 Nh6+ 62. Kg7 Nf5+ 63. Kf6 Ke4 64. Kg5 g3 65. Kg4 Ke5
66. Kg5 Ke6 67. h6 Nd6 68. Kg6 Nf7 69. h7 Nh8+ 70. Kg7 Ke7 71. Kg8 Ke8 72. Kg7
Ke7 73. Kg8 Ke8 74. Kg7 Ke7 75. Kh6 Kf7 76. Kg5 Kg7 77. Kg4 Kxh7 78. Kxg3 Kg6
79. Kg4 Nf7 80. Kf4 Nd6 81. g4 Nc4 82. g5 1/2-1/2

[Event "DEM U18 2008"]
[Site "Willingen GER"]
[Date "2008.05.11"]
[Round "2"]
[White "Daug, Jörn-Henning"]
[Black "Heyder, Florian"]
[Result "0-1"]
[Termination "normal"]
[Board "13"]
[WhiteElo "1734"]
[BlackElo "2067"]
[PlyCount "98"]
[WhiteFideId "24616974"]
[EventCountry "GER"]
[EventRounds "9"]
[EventType "swiss"]
[EventDate "2008.05.10"]

1. d4 Nf6 2. c4 e6 3. Nc3 Bb4 4. Bd2 O-O 5. Nf3 b6 6. a3 Be7 7. e4 Bb7 8. Bd3
d5 9. cxd5 exd5 10. e5 Ne4 11. Qc2 f5 12. O-O c5 13. Ne2 Nc6 14. Bc3 Kh8 15.
Nf4 Qd7 16. Bb5 Ng5 17. Nxg5 Bxg5 18. Nh3 Bh6 19. Qd3 a6 20. Bxc6 Bxc6 21. Rfe1
f4 22. f3 Bb5 23. Qd2 Qe6 24. Nf2 Rac8 25. Rac1 Bg5 26. b4 c4 27. Nh3 Bh6 28.
Nf2 Bd7 29. Re2 Qf7 30. Rce1 Be6 31. Qc2 Qe8 32. Qd1 Bg5 33. Qc2 Bh4 34. Ra1 h5
35. Nh1 Bf5 36. Qc1 Bd3 37. Rea2 Qe6 38. Nf2 Bh7 39. Qd2 g5 40. h3 Rg8 41. Qd1
Rcf8 42. Rb2 Bf5 43. Raa2 Rf7 44. a4 Qh6 45. Kf1 g4 46. fxg4 hxg4 47. Nxg4 Rxg4
48. hxg4 Bd3+ 49. Kg1 Bg3 0-1